CCNA 200-301 Official Cert Guide Library

Bibliographic Details
Main Author: Wendell Odom, et al
Format: Unknown
Edition:2nd ed.
LEADER 00229 a2200097 4500
020 |a 9780138221393 
100 |a Wendell Odom, et al.  |9 59235 
245 |a CCNA 200-301 Official Cert Guide Library 
250 |a 2nd ed. 
942 |c BK 
999 |c 47449  |d 47449